Geography Quiz

Random Geography or City Quiz

30 Second Tourist: Seattle Quiz Stats

 Plays Quiz Updated Oct 16, 2019

Support Sporcle.
Go Orange.
Score 0/12 Timer 00:30
0 Plays Today
% Correct
Space
88.5%
Mount
74.5%
Puget
74.1%
Museum of
71.9%
Pike Place
64.5%
Chinatown-
50.5%
Woodland Park
48.1%
Chihuly Garden
38.9%
Gum
36.5%
Seattle Great
24.6%
Smith
23.3%
Fremont
22.9%

You're not logged in!

Compare scores with friends on all Sporcle quizzes.
OR
Log In

From the Vault

Movie Cast Chain Game

by MasterKGlas

It would have been if awesome if Tom Hanks had starred in every one of these movies.
Remove Ads.
Support Sporcle.
Get the best of Sporcle when you Go Orange. This ad-free experience offers more features, more stats, and more fun while also helping to support Sporcle. Thank you for becoming a member.

Show Comments

Extras

Top Quizzes Today


Score Distribution

Your Account Isn't Verified!

In order to create a playlist on Sporcle, you need to verify the email address you used during registration. Go to your Sporcle Settings to finish the process.

Report this User

Report this user for behavior that violates our Community Guidelines.

Details: